000
00294nam a2200097Ia 4500
082
_a
940.416 FODE
245
0
_a
Mimi and Toutou go forth : the bizarre battle of Lake Tanganyika
100
_a
FODEN, Giles London, 2004
_9
74994
942
_c
BK
008
210817s9999 xx 000 0 und d
999
_c
247585
_d
247584